Retrouver la chanson #Stéphane Plagiat #2 - Statistiques

Statistiques générales
  • Ce quiz a été pris 109 fois
  • Le résultat moyen est 7 sur 10
Statistiques - réponses
Parole Chanson original / interprète % Correct
Toi toi ma jolie fille de Séville, aussi jolie qu'une anguille Lorsque tu danse tout devient immobile, je perds mes reperds, je perds la raison Toi ma jolie Hispanique, quand tu remues ton bassin Je ne vois que toi, personne d'autre, c'est surement ça être amoureux. Andalouse | Kendji Girac
90%
On avait dit "réunion dans une décennie" Même mois, même trimestre, même poire On verra quand on aura 40 ans Sur l'escalier de l'esplanade des petits garçons. Place des grands hommes | Patrick Bruel
85%
Les avocats et le code pénal Ça m'fait bien rire, c'est mon enfant, ma guerre Elle avait qu'a rester, hé hé hé Eh j'vais tout saccager, si vous m'enlever Ma descendance, mon sang, Elle avait qu'a rester ! Mon fils ma bataille | Daniel Balavoine
82%
Je viens d'la pagne-cam, et le beat est bon Je viens pas de Caen, mais d’Hénin-Beaumont Y a pas de route là-bas, y'a que des champs Mais c'là n'empêche qu'il y pas mal de gens méchants. Marly-Gomont | Kamini
78%
Je viendrai récupérer ton poumon si tu pars avec, Même si quand tu chantes, d´autres chantent ta vie Je viendrai récupérer ton esprit dans la neige, dans le feu Je te marabouterai, pour que tu continues de me kiffer Pour Que Tu M'aimes Encore | Céline Dion
73%
Sur le vieux port de Marseille Y'a des corsaires qui braillent Les songes dans leur cauchemards Au large de Marseille Amsterdam | Jacques Brel
72%
Et si la pluie nous mouille tous les 2 On passe au travers, à 2, à 3 Et si la pluie nous mouille tous les 2 Tiens la paluche du nouveau marie de ta maman. Beau-papa | Vianney
64%
Sous l'astre du jour Me faire bronzer encore un peu Sous l'astre du jour Quand la tête n'y est plus Cramer ce que l'on aime Et tenir a température son enveloppe charnelle Au Soleil | Jenifer
63%
Celui qui a toujours été accompagné Tout le temps, toute sa vie Jamais seul dans son lit Jamais seul la nuit Celui qui a toujours été accompagné Tout le temps, toute sa vie A-t-il vraiment aimer ? Est-ce qu'il aimera un jour ? Seul | Garou
55%
Griffée ma petite tête, griffées mes chevilles Griffé mon p'tit cœur tout flasque Nettoyée la terrasse, disparu le p'tit bout Disparues les restes de nous J'traine Des Pieds | Olivia Ruiz
52%
Aucun quiz correspondant
Distribution des résultats
% des personnes avec chaque résultat
Percentile par nombre de réponses
Votre historique - résultats
Vous n’avez pas pris ce quiz